Bulletin de la Société des Crèches : reconnue comme établissement d'utilité publique reconnue comme établissement d'utilité publique
Descripción Física:
21 cm
Materias:
Société des Crèches -- Revistes
MARC
| LEADER | 00000nam a2200000Ia 4500 | ||
|---|---|---|---|
| 001 | 20819 | ||
| 008 | 160829s1885 xx 000 0 cat d | ||
| 080 | |a RF-8-72 | ||
| 100 | |a Société des Crèches |9 47280 | ||
| 245 | |a Bulletin de la Société des Crèches : |b reconnue comme établissement d'utilité publique | ||
| 260 | |a Paris : |b Au Siège de la Société : |b Librairie Administrative Paul Dupont, |c 1885 | ||
| 300 | |a 21 cm | ||
| 590 | |a Trimestral. | ||
| 590 | |a Descripció basada en: Núm 39 (jul. 2001). | ||
| 590 | |a Prové de J-3044, exp. 3 | ||
| 650 | |a Société des Crèches |x Revistes |9 47281 | ||
| 856 | 4 | |u https://media.diba.cat/diba/fitxers/arxiu/fulletons/bib_20819_1885_baixa.pdf |y Accés lliure | |
| 856 | 4 | |u https://media.diba.cat/diba/fitxers/arxiu/fulletons/bib_20819_1885_baixa.pdf |y Accés lliure | |
| 866 | |a 1885 (39) | ||
| 901 | |a Arxiu | ||
| 942 | |n 1 |2 udc | ||
| 952 | |0 0 |1 0 |4 0 |6 RF872 |7 1 |9 53795 |a Arxiu |b Arxiu |d 2016-12-01 |l 0 |o RF-8-72 |p 20819 |r 2016-12-01 00:00:00 |w 2016-12-01 |y ARXIU | ||
| 999 | |c 57661 |d 57661 | ||
| 900 | |a bib_20819_1885_baixa.pdf | ||